Learning Resource and Development

Research handbook on contract design / (Record no. 30088)

MARC details
000 -LEADER
fixed length control field 03280cam a2200433 i 4500
001 - CONTROL NUMBER
control field 22420289
003 - CONTROL NUMBER IDENTIFIER
control field CSPC
005 - DATE AND TIME OF LATEST TRANSACTION
control field 20250819090257.0
008 - FIXED-LENGTH DATA ELEMENTS--GENERAL INFORMATION
fixed length control field 220211s2022 maua b 001 0 eng
010 ## - LIBRARY OF CONGRESS CONTROL NUMBER
LC control number 2022932709
020 ## - INTERNATIONAL STANDARD BOOK NUMBER
International Standard Book Number 9781839102271
Qualifying information (hardback)
035 ## - SYSTEM CONTROL NUMBER
System control number 22420289
040 ## - CATALOGING SOURCE
Original cataloging agency DLC
Language of cataloging eng
Description conventions rda
Transcribing agency DLC
Modifying agency CSPC
042 ## - AUTHENTICATION CODE
Authentication code pcc
050 00 - LIBRARY OF CONGRESS CALL NUMBER
Classification number K843
Item number .R47 2022
082 04 - DEWEY DECIMAL CLASSIFICATION NUMBER
Edition number 23
Classification number 346.0222
Item number R311
245 00 - TITLE STATEMENT
Title Research handbook on contract design /
Statement of responsibility, etc. Marcelo Corrales Campagnucci, Helena Haapio, and Mark Fenwick.
264 #1 - PRODUCTION, PUBLICATION, DISTRIBUTION, MANUFACTURE, AND COPYRIGHT NOTICE
Place of production, publication, distribution, manufacture Cheltenham, United Kingdom ;
-- Northampton, Massachusetts :
Name of producer, publisher, distributor, manufacturer Edward Elgar Publishing,
Date of production, publication, distribution, manufacture, or copyright notice 2022.
300 ## - PHYSICAL DESCRIPTION
Extent xvi, 457 pages :
Other physical details illustrations ;
Dimensions 25 cm.
336 ## - CONTENT TYPE
Content type term text
Content type code txt
Source rdacontent
337 ## - MEDIA TYPE
Media type term unmediated
Media type code n
Source rdamedia
338 ## - CARRIER TYPE
Carrier type term volume
Carrier type code nc
Source rdacarrier
490 0# - SERIES STATEMENT
Series statement Research handbooks in information law series
504 ## - BIBLIOGRAPHY, ETC. NOTE
Bibliography, etc. note Includes bibliographical references and index.
505 0# - FORMATTED CONTENTS NOTE
Formatted contents note Rethinking contracts: from drafting to design -- Why contract design matters: rethinking the business and legal purpose and functions of contracts -- Designing better contracts for business and legal purposes -- When text alone is not enough: visual contracts -- What does the future hold? designing for humans and machines.
520 ## - SUMMARY, ETC.
Summary, etc. "This Research Handbook inspires a new vision of contracts, with practical illustrations of how they should be designed, rather than just drafted. The contributors offer a proactive approach, merged with innovative design, to show how contracts can be both user-friendly and legally functional. This ground-breaking work goes beyond the initial drafting and formation of contracts to cover implementation and integration with business infrastructure - including digital processes. Drawing on a multi-disciplinary perspective, it highlights all aspects of the contract lifecycle, using both theoretical and practical scenarios. As well as improved design and communication, the Research Handbook takes a creative view of the role of emerging technologies, including AI, and how they can increase contract functionality and visualisation. The goals are simplification, clarity about rights and obligations, and the prevention of unnecessary legal problems. Providing an up-to-date analysis of current trends in contract design thinking and practice, this Research Handbook will be an excellent resource for contract and legal professionals, scholars and practitioners. Entrepreneurs, procurement and sales managers, information designers and technologists will also find the forward-thinking, human-centred approach in this book illuminating and informative"--
Assigning source Provided by publisher.
650 #0 - SUBJECT ADDED ENTRY--TOPICAL TERM
Topical term or geographic name entry element Contracts.
650 #0 - SUBJECT ADDED ENTRY--TOPICAL TERM
Topical term or geographic name entry element Legal composition.
650 #0 - SUBJECT ADDED ENTRY--TOPICAL TERM
Topical term or geographic name entry element Clauses (Law).
650 #0 - SUBJECT ADDED ENTRY--TOPICAL TERM
Topical term or geographic name entry element Form of contract.
650 #6 - SUBJECT ADDED ENTRY--TOPICAL TERM
Topical term or geographic name entry element Contrats
General subdivision Interprâetation.
700 1# - ADDED ENTRY--PERSONAL NAME
Personal name Campagnucci, Marcelo Corrales,
Relator term editor.
700 1# - ADDED ENTRY--PERSONAL NAME
Personal name Haapio, Helena,
Relator term editor.
700 1# - ADDED ENTRY--PERSONAL NAME
Personal name Fenwick, Mark,
Relator term editor.
906 ## - LOCAL DATA ELEMENT F, LDF (RLIN)
a 7
b cbc
c origres
d 2
e epcn
f 20
g y-gencatlg
942 ## - ADDED ENTRY ELEMENTS (KOHA)
Source of classification or shelving scheme Dewey Decimal Classification
Koha item type Books
Edition 23
Classification part 346.0222
Item part R311
Call number prefix ENG
Call number suffix 2022
Suppress in OPAC No
Holdings
Withdrawn status Lost status Source of classification or shelving scheme Damaged status Not for loan Home library Current library Shelving location Date acquired Total Checkouts Full call number Barcode Date last seen Copy number Price effective from Koha item type
    Dewey Decimal Classification     Main Library Main Library Engineering Section 08/18/2025   ENG 346.0222 R311 2022 030025 08/18/2025 1-1 08/18/2025 Books